000 00883nam a2200289 4500
003 OSt
005 20260601171011.0
008 260507b2005\\\\||||||||\||||\00|\0\eng\d
040 _aICI
_bspa
_cICI
041 _aing
050 _aN6537
_bC44 2005
100 1 _aCharlotte
_dautores
_933025
245 1 _a1000 CHAIRS
_cCharlotte y Peter Fiell.
264 1 _aKöln :
_baschen,
_c2005
300 _a624 páginas :
_bilustraciones
336 _atexto
_2rdacontent
337 _asin medio
_2rdamedia
338 _avolumen
_2rdacarrier
500 _aCompendio ilustrado sobre diseño de sillas y mobiliario contemporáneo.
650 _asillas
_xdiseño
_933026
650 _adiseño de muebles
650 _aMobiliario moderno.
650 _aDiseño industrial.
_915218
650 _aDecoración de interiores.
_96140
700 _aFiel, Peter,
_eautor
_933029
942 _2ddc
_cB
_n1
999 _c20481
_d20481